| 000 | 00648nam a22002297a 4500 | ||
|---|---|---|---|
| 005 | 20170124110028.0 | ||
| 010 | _aB-122132 | ||
| 020 |
_c00.00 _a8188237442 |
||
| 035 | _aB-122132 | ||
| 037 | _bCen Lib/Ret | ||
| 040 |
_aDPL _bEN |
||
| 082 |
_a589.3 _bSAM |
||
| 100 |
_aSambamurty, A.V.S.S. _921076 |
||
| 245 |
_aTexbook of algae / _cby A.V.S.S. Sambamurty |
||
| 260 |
_aNew Delhi _bI.K. internation _c2005 |
||
| 270 |
_bNew Delhi _aS-25, Green park extention _e110016 |
||
| 300 |
_axii,322p. _c23cm(pbk) |
||
| 500 | _aIncludes index | ||
| 650 |
_aAlgae _921077 |
||
| 650 |
_aEcology _9155 |
||
| 942 |
_2ddc _cEN _h589.3 _mSAM |
||
| 999 |
_c127636 _d127636 |
||